000 00639nam a2200277Ia 4500
005 20260324133151.0
008 008 260324s9999 xx 000 0 eng d
020 _a9781315096803
037 _aEBOOK
040 _aCRL
040 _beng
040 _cCRL
041 _2eng
041 _aeng
084 _qCRL
100 _aPeter O'Hagan
_91141702
245 0 _aAspects of British Music of the 1990s
260 _bTaylor and Francis
260 _c2003
365 _a
365 _b230
856 _uhttp://www.taylorfrancis.com/books/9781315096803
942 _cEBOOK
999 _c1790855
_d1790855